000 00354nam a22001457a 4500
008 210311b ||||| |||| 00| 0 eng d
020 _a9780781740197
041 _aeng
080 _a334.7
082 _a334.7
100 _a55
101 _aMF
245 _aIntroduction to Health Care Economics and Financial Managment
_cPenner,J.S
942 _2udc
_cBK
999 _c56409
_d56409